Quale film è uscito prima? - Statistics

Statistiche generali
  • Questo quiz è stato fatto 77 volte
  • Il punteggio medio è 5 su 10
Statistiche sulle risposte
Domanda Risposta % Corretto
Quale film è uscito prima? Il padrino
62%
Quale film è uscito prima? Kill Bill - Volume 1
57%
Quale film è uscito prima? Fight Club
55%
Quale film è uscito prima? Ritorno al futuro
55%
Quale film è uscito prima? The Wolf of Wall Street
48%
Quale film è uscito prima? Il cavaliere oscuro
45%
Quale film è uscito prima? Taxi Driver
42%
Quale film è uscito prima? Jurassic Park
38%
Quale film è uscito prima? Toy Story - il mondo dei giocattoli
37%
Quale film è uscito prima? L'esorcista
35%
Nessun quiz corrispondente trovato
Distribuzione punteggi
Percentuale di utenti per punteggio
Percentile per numero di risposta
I tuoi punteggi nel tempo
Non hai fatto questo quiz